000
00245nam a2200097Ia 4500
001
1116920
005
20250827004055.0
008
250824s9999 xx 000 0 und d
245
0
_a
KENDİNİ ARAMAK
_c
İHSAN FAZIOĞLU
260
_b
KETEBE YAYINLARI
999
_c
1116920
_d
1116920